<?xml version="1.0" encoding="UTF-8"?>
<collection xmlns="http://www.loc.gov/MARC21/slim">
 <record>
  <leader>02266nam a22002897a 4500</leader>
  <controlfield tag="001">NCT_73259</controlfield>
  <controlfield tag="008">200208b        xxu||||| |||| 00| 0 vie d</controlfield>
  <datafield tag="999" ind1=" " ind2=" ">
   <subfield code="c">3569</subfield>
   <subfield code="d">3569</subfield>
  </datafield>
  <datafield tag="020" ind1=" " ind2=" ">
   <subfield code="a">9786047320646</subfield>
   <subfield code="c">146000</subfield>
  </datafield>
  <datafield tag="082" ind1="0" ind2="4">
   <subfield code="2">23rd ed.</subfield>
   <subfield code="a">628.53</subfield>
   <subfield code="b">Th116</subfield>
  </datafield>
  <datafield tag="100" ind1="1" ind2=" ">
   <subfield code="a">Đinh Xuân Thắng</subfield>
  </datafield>
  <datafield tag="245" ind1="1" ind2="0">
   <subfield code="a">Giáo trình  kỹ thuật xử lý ô nhiễm không khí</subfield>
   <subfield code="c">Đinh Xuân Thắng</subfield>
  </datafield>
  <datafield tag="260" ind1=" " ind2=" ">
   <subfield code="a">Tp Hồ Chí Minh</subfield>
   <subfield code="b">Đại học Quốc gia Tp Hồ Chí Minh</subfield>
   <subfield code="c">2014</subfield>
  </datafield>
  <datafield tag="300" ind1=" " ind2=" ">
   <subfield code="a">372 tr.</subfield>
   <subfield code="b">Minh họa</subfield>
   <subfield code="c">24cm</subfield>
  </datafield>
  <datafield tag="500" ind1=" " ind2=" ">
   <subfield code="a">ĐTTS ghi : Đại học Quốc gia thành phố Hồ Chí Minh</subfield>
  </datafield>
  <datafield tag="520" ind1="3" ind2=" ">
   <subfield code="a">Sách cung cấp những kiến thức cơ bản, lựa chọn được biện pháp xử lý hợp lý, nhằm xử lý triệt để các chất ô nhiếm có trong khí thải với chi phí hợp lý.</subfield>
  </datafield>
  <datafield tag="653" ind1=" " ind2=" ">
   <subfield code="a">Quản lý tài nguyên &amp; Môi trường.</subfield>
  </datafield>
  <datafield tag="942" ind1=" " ind2=" ">
   <subfield code="2">ddc</subfield>
   <subfield code="c">BK</subfield>
  </datafield>
  <datafield tag="952" ind1=" " ind2=" ">
   <subfield code="0">0</subfield>
   <subfield code="1">0</subfield>
   <subfield code="2">ddc</subfield>
   <subfield code="4">0</subfield>
   <subfield code="6">628_530000000000000_TH116</subfield>
   <subfield code="7">0</subfield>
   <subfield code="9">18462</subfield>
   <subfield code="a">000001</subfield>
   <subfield code="b">000001</subfield>
   <subfield code="d">2020-02-08</subfield>
   <subfield code="o">628.53 Th116</subfield>
   <subfield code="p">MD.04068</subfield>
   <subfield code="r">2020-02-08</subfield>
   <subfield code="v">146000.00</subfield>
   <subfield code="w">2020-02-08</subfield>
   <subfield code="y">BK</subfield>
  </datafield>
  <datafield tag="952" ind1=" " ind2=" ">
   <subfield code="0">0</subfield>
   <subfield code="1">0</subfield>
   <subfield code="2">ddc</subfield>
   <subfield code="4">0</subfield>
   <subfield code="6">628_530000000000000_TH116</subfield>
   <subfield code="7">0</subfield>
   <subfield code="9">18463</subfield>
   <subfield code="a">000001</subfield>
   <subfield code="b">000001</subfield>
   <subfield code="d">2020-02-08</subfield>
   <subfield code="o">628.53 Th116</subfield>
   <subfield code="p">MD.04069</subfield>
   <subfield code="r">2020-02-08</subfield>
   <subfield code="v">146000.00</subfield>
   <subfield code="w">2020-02-08</subfield>
   <subfield code="y">BK</subfield>
  </datafield>
  <datafield tag="952" ind1=" " ind2=" ">
   <subfield code="0">0</subfield>
   <subfield code="1">0</subfield>
   <subfield code="2">ddc</subfield>
   <subfield code="4">0</subfield>
   <subfield code="6">628_530000000000000_TH116</subfield>
   <subfield code="7">0</subfield>
   <subfield code="9">18464</subfield>
   <subfield code="a">000001</subfield>
   <subfield code="b">000001</subfield>
   <subfield code="d">2020-02-08</subfield>
   <subfield code="o">628.53 Th116</subfield>
   <subfield code="p">MD.04070</subfield>
   <subfield code="r">2020-02-08</subfield>
   <subfield code="v">146000.00</subfield>
   <subfield code="w">2020-02-08</subfield>
   <subfield code="y">BK</subfield>
  </datafield>
  <datafield tag="952" ind1=" " ind2=" ">
   <subfield code="0">0</subfield>
   <subfield code="1">0</subfield>
   <subfield code="2">ddc</subfield>
   <subfield code="4">0</subfield>
   <subfield code="6">628_530000000000000_TH116</subfield>
   <subfield code="7">0</subfield>
   <subfield code="9">18465</subfield>
   <subfield code="a">000001</subfield>
   <subfield code="b">000001</subfield>
   <subfield code="d">2020-02-08</subfield>
   <subfield code="o">628.53 Th116</subfield>
   <subfield code="p">MD.04071</subfield>
   <subfield code="r">2020-02-08</subfield>
   <subfield code="v">146000.00</subfield>
   <subfield code="w">2020-02-08</subfield>
   <subfield code="y">BK</subfield>
  </datafield>
  <datafield tag="952" ind1=" " ind2=" ">
   <subfield code="0">0</subfield>
   <subfield code="1">0</subfield>
   <subfield code="2">ddc</subfield>
   <subfield code="4">0</subfield>
   <subfield code="6">628_530000000000000_TH116</subfield>
   <subfield code="7">0</subfield>
   <subfield code="9">18466</subfield>
   <subfield code="a">000001</subfield>
   <subfield code="b">000001</subfield>
   <subfield code="d">2020-02-08</subfield>
   <subfield code="o">628.53 Th116</subfield>
   <subfield code="p">MD.04072</subfield>
   <subfield code="r">2020-02-08</subfield>
   <subfield code="v">146000.00</subfield>
   <subfield code="w">2020-02-08</subfield>
   <subfield code="y">BK</subfield>
  </datafield>
  <datafield tag="952" ind1=" " ind2=" ">
   <subfield code="0">0</subfield>
   <subfield code="1">0</subfield>
   <subfield code="2">ddc</subfield>
   <subfield code="4">0</subfield>
   <subfield code="6">628_530000000000000_TH116</subfield>
   <subfield code="7">0</subfield>
   <subfield code="9">18467</subfield>
   <subfield code="a">000001</subfield>
   <subfield code="b">000001</subfield>
   <subfield code="d">2020-02-08</subfield>
   <subfield code="o">628.53 Th116</subfield>
   <subfield code="p">MD.04073</subfield>
   <subfield code="r">2020-02-08</subfield>
   <subfield code="v">146000.00</subfield>
   <subfield code="w">2020-02-08</subfield>
   <subfield code="y">BK</subfield>
  </datafield>
  <datafield tag="952" ind1=" " ind2=" ">
   <subfield code="0">0</subfield>
   <subfield code="1">0</subfield>
   <subfield code="2">ddc</subfield>
   <subfield code="4">0</subfield>
   <subfield code="6">628_530000000000000_TH116</subfield>
   <subfield code="7">0</subfield>
   <subfield code="9">18468</subfield>
   <subfield code="a">000001</subfield>
   <subfield code="b">000001</subfield>
   <subfield code="d">2020-02-08</subfield>
   <subfield code="o">628.53 Th116</subfield>
   <subfield code="p">MD.04074</subfield>
   <subfield code="r">2020-02-08</subfield>
   <subfield code="v">146000.00</subfield>
   <subfield code="w">2020-02-08</subfield>
   <subfield code="y">BK</subfield>
  </datafield>
  <datafield tag="952" ind1=" " ind2=" ">
   <subfield code="0">0</subfield>
   <subfield code="1">0</subfield>
   <subfield code="2">ddc</subfield>
   <subfield code="4">0</subfield>
   <subfield code="6">628_530000000000000_TH116</subfield>
   <subfield code="7">0</subfield>
   <subfield code="9">18469</subfield>
   <subfield code="a">000001</subfield>
   <subfield code="b">000001</subfield>
   <subfield code="d">2020-02-08</subfield>
   <subfield code="o">628.53 Th116</subfield>
   <subfield code="p">MD.04075</subfield>
   <subfield code="r">2020-02-08</subfield>
   <subfield code="v">146000.00</subfield>
   <subfield code="w">2020-02-08</subfield>
   <subfield code="y">BK</subfield>
  </datafield>
  <datafield tag="980" ind1=" " ind2=" ">
   <subfield code="a">Thư viện Trường Đại học Nam Cần Thơ</subfield>
  </datafield>
 </record>
</collection>
